[Event "Obert Figueres Miquel Mas 2012"]
[Site "Figueres ESP"]
[Date "2012.08.12"]
[Round "5.5"]
[White "Vishnu, Prasanna  V"]
[Black "Simacek, Pavel"]
[Result "0-1"]
[WhiteElo "2435"]
[BlackElo "2478"]
[PlyCount "98"]
[EventDate "2012.08.09"]
[EventType "swiss"]
[EventRounds "9"]
[EventCountry "ESP"]
[Source "lmi"]
[SourceDate "2012.08.09"]

1. e4 e5 2. Nf3 Nc6 3. d4 exd4 4. Nxd4 Bc5 5. Nxc6 Qf6 6. Qf3 Qxf3 7. gxf3 bxc6
8. Nd2 Be7 9. Nb3 d6 10. Bd2 Nf6 11. Rg1 O-O 12. O-O-O Ne8 13. f4 Bh4 14. Be3
Nf6 15. f3 Re8 16. Nd4 Nd5 17. exd5 Rxe3 18. dxc6 Bf6 19. Nb5 Re7 20. Bc4 a6
21. Nd4 Rb8 22. c3 Rb6 23. Rge1 Rxe1 24. Rxe1 Kf8 25. Bd5 Bxd4 26. cxd4 Rb4 27.
Rd1 Be6 28. Bxe6 fxe6 29. Kc2 Rc4+ 30. Kb3 d5 31. Re1 Kf7 32. f5 exf5 33. Re5
Rxd4 34. Rxf5+ Ke6 35. Rf8 Rh4 36. Ra8 Rxh2 37. Rxa6 Rf2 38. Ra8 Kd6 39. Rf8 g5
40. Rf5 Kxc6 41. Rxg5 Rxf3+ 42. Kb4 Rf4+ 43. Kc3 Rc4+ 44. Kb3 Rh4 45. a4 Kc5
46. Rg7 Rh3+ 47. Kc2 Kc6 48. a5 h5 49. a6 Kb6 0-1

[Event "Obert Figueres Miquel Mas 2012"]
[Site "Figueres ESP"]
[Date "2012.08.12"]
[Round "5.6"]
[White "Ramiro Ovejero, Juan L"]
[Black "Garbisu De Goñi, Unai"]
[Result "1-0"]
[WhiteElo "2349"]
[BlackElo "2461"]
[PlyCount "122"]
[EventDate "2012.08.09"]
[EventType "swiss"]
[EventRounds "9"]
[EventCountry "ESP"]
[Source "lmi"]
[SourceDate "2012.08.09"]

1. e4 e5 2. Nf3 Nc6 3. Bc4 Bc5 4. Nc3 Nf6 5. d3 d6 6. Bg5 h6 7. Bxf6 Qxf6 8.
Nd5 Qd8 9. c3 a6 10. d4 exd4 11. cxd4 Ba7 12. h3 O-O 13. O-O b5 14. Bb3 Na5 15.
Bc2 c6 16. Nf4 c5 17. Qd3 c4 18. Qd2 Nc6 19. Rad1 Bb7 20. Bb1 Qa5 21. Qc1 Rae8
22. Nh5 b4 23. Nf6+ gxf6 24. Qxh6 Ne5 25. dxe5 dxe5 26. Rd7 Qb5 27. Rxb7 Qxb7
28. Nh4 f5 29. Qg5+ Kh7 30. exf5 f6 31. Qh5+ Kg8 32. Be4 Qxe4 33. Qg6+ Kh8 34.
Qh6+ Kg8 35. Ng6 Qxf5 36. Qh8+ Kf7 37. Qh7+ Ke6 38. Nxf8+ Rxf8 39. Qxa7 Qe4 40.
Qb6+ Kf5 41. Qxb4 Rg8 42. g3 Qd4 43. Qa3 Kg6 44. Qf3 Qd3 45. Qg4+ Kf7 46. Qh5+
Qg6 47. Qxg6+ Kxg6 48. Rc1 Rb8 49. Rxc4 Rxb2 50. a4 Ra2 51. Kg2 Ra3 52. f4 exf4
53. Rxf4 a5 54. Rc4 Rb3 55. Kf2 Ra3 56. h4 Kh6 57. Kg2 Kg6 58. g4 Kh6 59. Kf2
Kg7 60. Ke2 Rg3 61. h5 Kh6 1-0

[Event "Obert Figueres Miquel Mas 2012"]
[Site "Figueres ESP"]
[Date "2012.08.12"]
[Round "5.7"]
[White "Cuadras Avellana, Jordi"]
[Black "Govciyan, Pavel"]
[Result "1-0"]
[WhiteElo "2344"]
[BlackElo "2451"]
[PlyCount "111"]
[EventDate "2012.08.09"]
[EventType "swiss"]
[EventRounds "9"]
[EventCountry "ESP"]
[Source "lmi"]
[SourceDate "2012.08.09"]

1. e4 e5 2. Nf3 Nc6 3. Bb5 g6 4. c3 a6 5. Ba4 d6 6. d4 Bd7 7. O-O Bg7 8. d5
Nce7 9. c4 h6 10. Nc3 f5 11. exf5 gxf5 12. Ne1 Nf6 13. f4 e4 14. Nc2 Bxa4 15.
Nxa4 c5 16. dxc6 bxc6 17. b3 Ra7 18. Bb2 Rg8 19. Qe2 c5 20. Rad1 Ng4 21. Bxg7
Rxg7 22. h3 Nf6 23. Ne3 Rd7 24. Nc3 Kf8 25. Ncd5 Nexd5 26. Nxd5 Nxd5 27. Rxd5
Qf6 28. Qh5 Rdf7 29. Rfd1 Rg6 30. Kh2 Kg7 31. R1d2 Qc3 32. Qh4 Rff6 33. Rxd6
Rxd6 34. Rxd6 Rxd6 35. Qe7+ Kg8 36. Qxd6 e3 37. Qg6+ Kh8 38. Qxh6+ Kg8 39. Qe6+
Kh8 40. Qxf5 Kg7 41. Qe6 Kh7 42. f5 Qd2 43. Qe7+ Kh8 44. Qh4+ Kg7 45. Qg5+ Kf7
46. Qg6+ Kf8 47. Qf6+ Kg8 48. Qe6+ Kh7 49. Qg6+ Kh8 50. f6 Qd6+ 51. Qg3 Qxf6
52. Qxe3 Qd6+ 53. g3 Qd1 54. Qe5+ Kh7 55. Qe4+ Kh8 56. Qh4+ 1-0

[Event "Obert Figueres Miquel Mas 2012"]
[Site "Figueres ESP"]
[Date "2012.08.12"]
[Round "5.8"]
[White "Rebole Arbea, Jose Ignacio"]
[Black "Guilleux, Fabien"]
[Result "0-1"]
[WhiteElo "2188"]
[BlackElo "2439"]
[PlyCount "68"]
[EventDate "2012.08.09"]
[EventType "swiss"]
[EventRounds "9"]
[EventCountry "ESP"]
[Source "lmi"]
[SourceDate "2012.08.09"]

1. g3 c5 2. Bg2 Nf6 3. c4 d5 4. cxd5 Nxd5 5. Nc3 Nc7 6. d3 e5 7. Be3 Be7 8. Rc1
Ne6 9. Nd5 Bd6 10. Nf3 Nc6 11. O-O O-O 12. Nd2 Ned4 13. Ne4 Be6 14. Nxd6 Qxd6
15. Nc3 f5 16. Bd2 Bf7 17. f4 Bh5 18. Qe1 Rae8 19. Qf2 Nb4 20. fxe5 Qxe5 21.
Qf4 Bxe2 22. Qxe5 Rxe5 23. Bf4 Bxf1 24. Kxf1 Nxd3 25. Bxe5 Nxc1 26. Bd6 Rd8 27.
Bxc5 b6 28. Be7 Re8 29. Bd5+ Kh8 30. Bg5 Nd3 31. b3 Re1+ 32. Kg2 f4 33. Bxf4
Nxf4+ 34. gxf4 Nc2 0-1

[Event "Obert Figueres Miquel Mas 2012"]
[Site "Figueres ESP"]
[Date "2012.08.12"]
[Round "5.9"]
[White "Sorroche Martin, Jose Maria"]
[Black "Antoli Royo, Joaquin Miguel"]
[Result "0-1"]
[WhiteElo "2164"]
[BlackElo "2398"]
[PlyCount "56"]
[EventDate "2012.08.09"]
[EventType "swiss"]
[EventRounds "9"]
[EventCountry "ESP"]
[Source "lmi"]
[SourceDate "2012.08.09"]

1. c4 c5 2. Nf3 Nc6 3. Nc3 Nf6 4. d4 cxd4 5. Nxd4 Qb6 6. Nb3 e6 7. e4 Bb4 8.
Be3 Qc7 9. Bd2 O-O 10. Qc2 d5 11. exd5 exd5 12. cxd5 Bxc3 13. Bxc3 Nb4 14. Qd2
Ne4 15. Qc1 Re8 16. Bxb4 Qb6 17. Be2 Qxf2+ 18. Kd1 Qxg2 19. Qf4 Qxh1+ 20. Kc2
Qg2 21. Nd4 Nf6 22. Qf3 Bf5+ 23. Kb3 Qxf3+ 24. Bxf3 Be4 25. Bxe4 Rxe4 26. Kc4
a5 27. Bc3 Rd8 28. Bxa5 Rxd4+ 0-1

[Event "Obert Figueres Miquel Mas 2012"]
[Site "Figueres ESP"]
[Date "2012.08.12"]
[Round "5.10"]
[White "Roy Chowdhury, Saptarshi"]
[Black "Vinardell Cruanas, Sergi"]
[Result "1-0"]
[WhiteElo "2391"]
[BlackElo "2124"]
[PlyCount "63"]
[EventDate "2012.08.09"]
[EventType "swiss"]
[EventRounds "9"]
[EventCountry "ESP"]
[Source "lmi"]
[SourceDate "2012.08.09"]

1. e4 c5 2. Nf3 d6 3. c3 Nf6 4. Be2 Nbd7 5. d3 b6 6. O-O Bb7 7. Nbd2 e6 8. Re1
Be7 9. Bf1 O-O 10. d4 cxd4 11. cxd4 Rc8 12. Bd3 e5 13. d5 Re8 14. Nf1 Bf8 15.
Ng3 g6 16. b4 a6 17. a4 Bg7 18. Ba3 Nb8 19. Nd2 Bf8 20. Nc4 Nfd7 21. Rb1 b5 22.
Na5 Qb6 23. axb5 axb5 24. Bc1 Ba6 25. Be3 Qd8 26. Qe2 Nb6 27. Bxb5 Bxb5 28.
Qxb5 N8d7 29. Rbc1 Rxc1 30. Rxc1 Qb8 31. Nc6 Qb7 32. Ra1 1-0

[Event "Obert Figueres Miquel Mas 2012"]
[Site "Figueres ESP"]
[Date "2012.08.12"]
[Round "5.11"]
[White "Ladron De Guevara Pinto, Paolo"]
[Black "Aymerich Verdaguer, Eduard"]
[Result "1-0"]
[WhiteElo "2370"]
[BlackElo "1787"]
[PlyCount "53"]
[EventDate "2012.08.09"]
[EventType "swiss"]
[EventRounds "9"]
[EventCountry "ESP"]
[Source "lmi"]
[SourceDate "2012.08.09"]

1. e4 d6 2. d4 Nf6 3. Nc3 g6 4. f4 Bg7 5. Nf3 a6 6. Bd3 Bg4 7. Be3 Nc6 8. d5
Nb8 9. h3 Bxf3 10. Qxf3 Nbd7 11. g4 c5 12. a4 Qb6 13. Ra3 O-O 14. O-O Qc7 15.
Qg2 Kh8 16. g5 Ng8 17. h4 h5 18. Be2 e6 19. f5 exf5 20. exf5 Bd4 21. Nd1 Ne7
22. f6 Nf5 23. Rxf5 gxf5 24. Qf3 Nxf6 25. gxf6 Rg8+ 26. Kf1 Bxf6 27. Qxh5+ 1-0

[Event "Obert Figueres Miquel Mas 2012"]
[Site "Figueres ESP"]
[Date "2012.08.12"]
[Round "5.12"]
[White "Balague Canadell, Jordi"]
[Black "Soumya, Swaminathan"]
[Result "0-1"]
[WhiteElo "2036"]
[BlackElo "2271"]
[PlyCount "52"]
[EventDate "2012.08.09"]
[EventType "swiss"]
[EventRounds "9"]
[EventCountry "ESP"]
[Source "lmi"]
[SourceDate "2012.08.09"]

1. Nf3 Nf6 2. c4 g6 3. Nc3 d5 4. cxd5 Nxd5 5. Qb3 Nb6 6. d4 Bg7 7. e4 O-O 8.
Be2 Bg4 9. Bf4 Bxf3 10. Bxf3 Qxd4 11. Bxc7 N8d7 12. O-O Rac8 13. Bf4 Nc5 14.
Qb5 Qc4 15. Qa5 Qe6 16. Rad1 Nc4 17. Qb4 a5 18. Qb5 Nxb2 19. Qxb2 Na4 20. Qxb7
Nxc3 21. Rd7 Rfe8 22. a3 a4 23. h3 h5 24. Ra1 Be5 25. Bd2 Rb8 26. Qa7 Nb5 0-1

[Event "Obert Figueres Miquel Mas 2012"]
[Site "Figueres ESP"]
[Date "2012.08.12"]
[Round "5.14"]
[White "Cano Egea, Gerard"]
[Black "Vilar, Lopez Monica"]
[Result "1-0"]
[WhiteElo "1901"]
[BlackElo "2154"]
[PlyCount "55"]
[EventDate "2012.08.09"]
[EventType "swiss"]
[EventRounds "9"]
[EventCountry "ESP"]
[Source "lmi"]
[SourceDate "2012.08.09"]

1. e4 e6 2. Nf3 d5 3. Nc3 dxe4 4. Nxe4 Nf6 5. Nxf6+ Qxf6 6. d4 h6 7. Bd3 Bd6 8.
O-O Nc6 9. c3 Bd7 10. Re1 O-O-O 11. b4 Kb8 12. b5 Ne7 13. c4 Ng6 14. c5 Bxc5
15. Be3 Bb6 16. a4 Ba5 17. Bd2 Bxd2 18. Qxd2 Bc8 19. Rac1 Nf4 20. Be4 Rd6 21.
Qc2 Qe7 22. a5 f6 23. Qc5 Rd7 24. Qc4 Rhd8 25. a6 Nd5 26. Bxd5 Rxd5 27. Ra1 Bd7
28. Qxd5 1-0

[Event "Obert Figueres Miquel Mas 2012"]
[Site "Figueres ESP"]
[Date "2012.08.13"]
[Round "6.2"]
[White "Forcen Esteban, Daniel"]
[Black "Rakhmanov, Aleksandr"]
[Result "1/2-1/2"]
[WhiteElo "2440"]
[BlackElo "2588"]
[PlyCount "71"]
[EventDate "2012.08.09"]
[EventType "swiss"]
[EventRounds "9"]
[EventCountry "ESP"]
[Source "lmi"]
[SourceDate "2012.08.09"]

1. e4 e6 2. d4 d5 3. Nc3 Nf6 4. Bg5 Be7 5. e5 Nfd7 6. h4 Nc6 7. Nf3 h6 8. Be3
Na5 9. Rh3 a6 10. Rg3 Bf8 11. Qd2 b6 12. O-O-O Bb7 13. h5 c5 14. Bf4 c4 15. Ne2
b5 16. c3 Nc6 17. Qc2 Qa5 18. Kb1 Qc7 19. Bd2 Nb6 20. Nh4 Be7 21. Rg4 O-O-O 22.
f4 Bxh4 23. Rxh4 Kb8 24. g4 a5 25. f5 b4 26. fxe6 fxe6 27. Nf4 Bc8 28. Ng6 Rhg8
29. g5 hxg5 30. Bxg5 Rde8 31. Rf4 Qb7 32. Ka1 Nd8 33. Qf2 Na4 34. Qc2 Nb6 35.
Qf2 Na4 36. Qc2 1/2-1/2

[Event "Obert Figueres Miquel Mas 2012"]
[Site "Figueres ESP"]
[Date "2012.08.13"]
[Round "6.3"]
[White "Aroshidze, Levan"]
[Black "Roy Chowdhury, Saptarshi"]
[Result "1/2-1/2"]
[WhiteElo "2568"]
[BlackElo "2391"]
[PlyCount "82"]
[EventDate "2012.08.09"]
[EventType "swiss"]
[EventRounds "9"]
[EventCountry "ESP"]
[Source "lmi"]
[SourceDate "2012.08.09"]

1. e4 c5 2. Nf3 Nc6 3. d4 cxd4 4. Nxd4 e5 5. Nb5 d6 6. N1c3 a6 7. Na3 Be7 8.
Nc4 b5 9. Ne3 Nf6 10. g3 h5 11. h4 Be6 12. Bg2 Rc8 13. Ncd5 Na5 14. b3 Nb7 15.
Bb2 Nxd5 16. exd5 Bd7 17. O-O Qb6 18. Qe2 b4 19. a4 g5 20. hxg5 h4 21. Nc4 Rxc4
22. Qxc4 Bxg5 23. Bc1 Bxc1 24. Raxc1 hxg3 25. c3 gxf2+ 26. Rxf2 Qe3 27. cxb4
Rg8 28. Qc3 Qb6 29. Qf3 Nd8 30. Rc4 f5 31. Kf1 Nf7 32. Bh3 Ng5 33. Qh5+ Ke7 34.
Bxf5 Bxf5 35. Rxf5 Qe3 36. Qg4 Qd3+ 37. Kg2 Qxd5+ 38. Kf1 Qd3+ 39. Kg2 Qd5+ 40.
Kf1 Qd3+ 41. Kg2 Qd5+ 1/2-1/2

[Event "Obert Figueres Miquel Mas 2012"]
[Site "Figueres ESP"]
[Date "2012.08.13"]
[Round "6.6"]
[White "Antoli Royo, Joaquin Miguel"]
[Black "Martinez, Duany Lelys Stanley"]
[Result "0-1"]
[WhiteElo "2398"]
[BlackElo "2476"]
[PlyCount "96"]
[EventDate "2012.08.09"]
[EventType "swiss"]
[EventRounds "9"]
[EventCountry "ESP"]
[Source "lmi"]
[SourceDate "2012.08.09"]

1. e4 c5 2. Nf3 g6 3. d4 Bg7 4. Nc3 cxd4 5. Nxd4 Nc6 6. Be3 Nf6 7. Bc4 Qa5 8.
O-O O-O 9. Nb3 Qc7 10. Be2 d6 11. f4 b6 12. Bf3 Ba6 13. Re1 Rab8 14. Nd5 Nxd5
15. exd5 Na5 16. Bd4 Bh6 17. g3 Nc4 18. Bc3 Bg7 19. Bxg7 Kxg7 20. Re4 Rbe8 21.
Be2 b5 22. a4 f5 23. axb5 fxe4 24. Qd4+ Rf6 25. Bxc4 Bb7 26. Rxa7 e3 27. Na5
Rb8 28. Qxe3 Rf7 29. b6 Qc8 30. Qd4+ Kh6 31. Nxb7 Rxb7 32. Rxb7 Qxb7 33. g4 g5
34. fxg5+ Kxg5 35. Bd3 Kh4 36. g5+ Kxg5 37. Qe3+ Kh5 38. Qh3+ Kg5 39. Qe3+ Kh5
40. Be2+ Kg6 41. Qd3+ Kg7 42. Qc3+ Kg8 43. Qc6 e6 44. Bf3 Qe7 45. Qc8+ Kg7 46.
Qxe6 Qg5+ 47. Kf2 Qd2+ 48. Kg3 Qf4+ 0-1

[Event "Obert Figueres Miquel Mas 2012"]
[Site "Figueres ESP"]
[Date "2012.08.13"]
[Round "6.9"]
[White "Soumya, Swaminathan"]
[Black "Cano Egea, Gerard"]
[Result "1-0"]
[WhiteElo "2271"]
[BlackElo "1901"]
[PlyCount "77"]
[EventDate "2012.08.09"]
[EventType "swiss"]
[EventRounds "9"]
[EventCountry "ESP"]
[Source "lmi"]
[SourceDate "2012.08.09"]

1. e4 e5 2. Nf3 Nc6 3. Bb5 a6 4. Ba4 Nf6 5. O-O Be7 6. Re1 b5 7. Bb3 d6 8. c3
O-O 9. d4 Bg4 10. d5 Na5 11. Bc2 c6 12. h3 Bc8 13. dxc6 Nxc6 14. Nbd2 Re8 15.
Nf1 h6 16. Ne3 Bf8 17. a4 Be6 18. b4 Rb8 19. axb5 axb5 20. Qe2 d5 21. exd5 Nxd5
22. Nxd5 Bxd5 23. Rd1 e4 24. Nd4 Qb6 25. Nf5 Rbd8 26. Be3 Qb7 27. Qg4 Kh8 28.
Bc5 Ne5 29. Qg3 Ng6 30. Bxf8 Rxf8 31. h4 Qc8 32. Nd4 Qb7 33. Ra5 Bc4 34. Re1
Rfe8 35. h5 Nf8 36. Nf5 Ne6 37. Nd6 Rxd6 38. Qxd6 Rd8 39. Bxe4 1-0

[Event "Obert Figueres Miquel Mas 2012"]
[Site "Figueres ESP"]
[Date "2012.08.13"]
[Round "6.10"]
[White "Serra Pages, Jordi"]
[Black "Garbisu De Goñi, Unai"]
[Result "0-1"]
[WhiteElo "2224"]
[BlackElo "2461"]
[PlyCount "104"]
[EventDate "2012.08.09"]
[EventType "swiss"]
[EventRounds "9"]
[EventCountry "ESP"]
[Source "lmi"]
[SourceDate "2012.08.09"]

1. d4 f5 2. g3 Nf6 3. Bg2 g6 4. c4 Bg7 5. Nc3 O-O 6. Nf3 d6 7. O-O Nc6 8. d5
Na5 9. Nd2 c5 10. Rb1 a6 11. b3 Rb8 12. Qc2 Qc7 13. Bb2 b5 14. e3 e5 15. dxe6
Bxe6 16. Nd5 Bxd5 17. Bxf6 Bxg2 18. Bxg7 Qxg7 19. Kxg2 Rfd8 20. h4 Nc6 21. Nf3
Qb7 22. Qd1 Ne5 23. Qd5+ Qxd5 24. cxd5 Nxf3 25. Kxf3 Re8 26. Rfd1 Kf7 27. Rbc1
a5 28. a3 Re4 29. Ke2 Rbe8 30. Rd3 Kf6 31. Rc2 Ra8 32. Rb2 h6 33. Rb1 Ra7 34.
Rh1 Re8 35. Ra1 Ke5 36. Rb1 Rh8 37. a4 Rb8 38. Ra1 bxa4 39. Rxa4 Rb4 40. Ra3 a4
41. bxa4 Raxa4 42. Kf3 Rxa3 43. Rxa3 Kxd5 44. Ra7 c4 45. Rc7 Rb5 46. Ke2 Rc5
47. Rg7 c3 48. Kd1 c2+ 49. Kc1 Ke4 50. Rxg6 Rc6 51. Rxh6 Kd3 52. Rf6 Rb6 0-1

[Event "Obert Figueres Miquel Mas 2012"]
[Site "Figueres ESP"]
[Date "2012.08.13"]
[Round "6.11"]
[White "Govciyan, Pavel"]
[Black "Colls Gelaberto, Emili"]
[Result "1-0"]
[WhiteElo "2451"]
[BlackElo "2171"]
[PlyCount "97"]
[EventDate "2012.08.09"]
[EventType "swiss"]
[EventRounds "9"]
[EventCountry "ESP"]
[Source "lmi"]
[SourceDate "2012.08.09"]

1. d4 Nf6 2. c4 g6 3. Nc3 Bg7 4. g3 O-O 5. Bg2 d6 6. Nf3 c6 7. O-O Qa5 8. e4 e5
9. h3 Nbd7 10. Re1 Re8 11. d5 cxd5 12. cxd5 Qd8 13. Nd2 Rf8 14. Nc4 Nb6 15.
Nxb6 Qxb6 16. Re2 Bd7 17. Be3 Qa5 18. a3 Rfc8 19. b4 Qd8 20. Rc1 Ne8 21. Rec2
f5 22. Qd2 Nf6 23. Kh2 a6 24. Bg5 Qf8 25. Nd1 Rxc2 26. Rxc2 Rc8 27. f3 Rxc2 28.
Qxc2 Qc8 29. Qxc8+ Bxc8 30. Nb2 Bd7 31. Nc4 Ne8 32. h4 fxe4 33. fxe4 Kf7 34.
Na5 b6 35. Nc6 Bf6 36. Be3 b5 37. Nb8 Bc8 38. Bh3 Bxh3 39. Kxh3 Bd8 40. Kg2 Nc7
41. Bb6 Ke8 42. h5 gxh5 43. Nc6 Ne6 44. Nxd8 Nxd8 45. Bxd8 Kxd8 46. Kh3 Ke7 47.
Kh4 Kf7 48. Kxh5 Kg7 49. Kg5 1-0

[Event "Obert Figueres Miquel Mas 2012"]
[Site "Figueres ESP"]
[Date "2012.08.13"]
[Round "6.12"]
[White "Triadu Cassa, Jordi"]
[Black "Rebole Arbea, Jose Ignacio"]
[Result "0-1"]
[WhiteElo "2138"]
[BlackElo "2188"]
[PlyCount "96"]
[EventDate "2012.08.09"]
[EventType "swiss"]
[EventRounds "9"]
[EventCountry "ESP"]
[Source "lmi"]
[SourceDate "2012.08.09"]

1. e4 c5 2. Nf3 Nc6 3. d4 cxd4 4. Nxd4 e5 5. Nb5 d6 6. N1c3 a6 7. Na3 b5 8. Nd5
Nce7 9. c4 Nxd5 10. cxd5 f5 11. Bd3 fxe4 12. Bxe4 Nf6 13. Qd3 Nxe4 14. Qxe4 Be7
15. Nc2 O-O 16. O-O Bg5 17. Nb4 Bxc1 18. Nc6 Qg5 19. Raxc1 Bh3 20. f4 exf4 21.
Qf3 Bg4 22. Qf2 f3 23. g3 Rae8 24. Rce1 Bh3 25. Rxe8 Rxe8 26. Re1 Rf8 27. a3 h6
28. Re3 Kh8 29. Nd4 Qxd5 30. Rxf3 Rxf3 31. Nxf3 Qd1+ 32. Ne1 d5 33. Qe3 Bf5 34.
Kf2 Kh7 35. Nf3 Be4 36. Nd2 Qh1 37. h4 Qg2+ 38. Ke1 Bg6 39. Qf4 Qg1+ 40. Ke2 d4
41. Nf3 d3+ 42. Kd2 Qf2+ 43. Kc3 Qc2+ 44. Kd4 Qxb2+ 45. Ke3 Qxa3 46. g4 Qc1+
47. Nd2 Qe1+ 48. Kd4 Qxh4 0-1

[Event "Obert Figueres Miquel Mas 2012"]
[Site "Figueres ESP"]
[Date "2012.08.13"]
[Round "6.13"]
[White "Vinardell Cruanas, Sergi"]
[Black "Sorroche Martin, Jose Maria"]
[Result "1-0"]
[WhiteElo "2124"]
[BlackElo "2164"]
[PlyCount "89"]
[EventDate "2012.08.09"]
[EventType "swiss"]
[EventRounds "9"]
[EventCountry "ESP"]
[Source "lmi"]
[SourceDate "2012.08.09"]

1. e4 e6 2. d4 d5 3. Nc3 Bb4 4. e5 c5 5. a3 cxd4 6. axb4 dxc3 7. Nf3 Ne7 8. Bd3
Qc7 9. bxc3 Nbc6 10. O-O Nxe5 11. Nxe5 Qxe5 12. Be3 O-O 13. Bd4 Qc7 14. Qh5 g6
15. Qg5 f5 16. b5 b6 17. Rfe1 Rf7 18. h4 Bd7 19. Ra6 Bc8 20. Ra4 Bd7 21. Rb4
Qd8 22. Be5 Qe8 23. Qf4 a5 24. bxa6 b5 25. Ra1 Nc6 26. Rb2 Nxe5 27. Qxe5 Qb8
28. Qd4 Qa7 29. Bxb5 Qxd4 30. cxd4 Bxb5 31. Rxb5 Raa7 32. Rb6 Rfe7 33. Ra3 Kf7
34. Rc3 Kf6 35. Rcc6 Kf7 36. f4 Kf6 37. Kf2 Kf7 38. Ke3 Kf6 39. Kd3 Kf7 40. Kd2
Rad7 41. Kc3 Ra7 42. Kb4 Rad7 43. Kb5 Ra7 44. Rb8 Rad7 45. Kb6 1-0

[Event "Obert Figueres Miquel Mas 2012"]
[Site "Figueres ESP"]
[Date "2012.08.13"]
[Round "6.14"]
[White "Aymerich Verdaguer, Eduard"]
[Black "Baños, Oscar"]
[Result "1-0"]
[WhiteElo "1787"]
[BlackElo "2240"]
[PlyCount "55"]
[EventDate "2012.08.09"]
[EventType "swiss"]
[EventRounds "9"]
[EventCountry "ESP"]
[Source "lmi"]
[SourceDate "2012.08.09"]

1. d4 d5 2. c4 c6 3. Nf3 e6 4. Nc3 dxc4 5. a4 Bb4 6. e4 Nf6 7. Qc2 b5 8. Be2
Bb7 9. O-O a6 10. Bg5 h6 11. Bh4 g5 12. Bg3 Nbd7 13. Rfd1 Qb6 14. axb5 axb5 15.
Rxa8+ Bxa8 16. h4 gxh4 17. Nxh4 Bf8 18. f4 Rg8 19. Bf2 Ng4 20. Bxg4 Rxg4 21. f5
c5 22. fxe6 fxe6 23. d5 Ne5 24. dxe6 Nd3 25. Nd5 Qd8 26. Qe2 Rxh4 27. Rxd3 Rxe4
28. Qh5# 1-0

[Event "Obert Figueres Miquel Mas 2012"]
[Site "Figueres ESP"]
[Date "2012.08.13"]
[Round "6.15"]
[White "Vilar, Lopez Monica"]
[Black "Juan Bartroli, Pau"]
[Result "1/2-1/2"]
[WhiteElo "2154"]
[BlackElo "2024"]
[PlyCount "55"]
[EventDate "2012.08.09"]
[EventType "swiss"]
[EventRounds "9"]
[EventCountry "ESP"]
[Source "lmi"]
[SourceDate "2012.08.09"]

1. e4 c6 2. d4 d5 3. Nc3 dxe4 4. Nxe4 Bf5 5. Ng3 Bg6 6. h4 h6 7. Nf3 Nd7 8. h5
Bh7 9. Bd3 Bxd3 10. Qxd3 Ngf6 11. Bd2 Qc7 12. O-O-O O-O-O 13. Kb1 e6 14. Ne4
Nc5 15. Nxc5 Bxc5 16. Qc4 Bd6 17. Qa4 Kb8 18. Ne5 Bxe5 19. dxe5 Nd7 20. Be3 Nb6
21. Qa5 Nc8 22. Qc5 Qe7 23. Qc3 Rxd1+ 24. Rxd1 Rd8 25. Rxd8 Qxd8 26. Qd4 Qxd4
27. Bxd4 b6 28. c4 1/2-1/2

[Event "Obert Figueres Miquel Mas 2012"]
[Site "Figueres ESP"]
[Date "2012.08.14"]
[Round "7.1"]
[White "Adhiban, B."]
[Black "Forcen Esteban, Daniel"]
[Result "1-0"]
[WhiteElo "2553"]
[BlackElo "2440"]
[PlyCount "49"]
[EventDate "2012.08.09"]
[EventType "swiss"]
[EventRounds "9"]
[EventCountry "ESP"]
[Source "lmi"]
[SourceDate "2012.08.09"]

1. d4 Nf6 2. c4 c5 3. d5 e6 4. Nc3 exd5 5. cxd5 d6 6. e4 g6 7. f4 Bg7 8. Bb5+
Nfd7 9. Nf3 O-O 10. O-O a6 11. Bd3 b5 12. a3 Bb7 13. Kh1 Nb6 14. f5 N8d7 15.
Bg5 Bf6 16. h4 Qe7 17. Qd2 Ne5 18. Nxe5 Qxe5 19. Bxf6 Qxf6 20. Rf3 Qe5 21. Raf1
Nd7 22. h5 gxh5 23. f6 Kh8 24. Rf5 Qg3 25. R1f3 1-0

[Event "Obert Figueres Miquel Mas 2012"]
[Site "Figueres ESP"]
[Date "2012.08.14"]
[Round "7.2"]
[White "Cuadras Avellana, Jordi"]
[Black "Mirzoev, Azer"]
[Result "0-1"]
[WhiteElo "2344"]
[BlackElo "2545"]
[PlyCount "122"]
[EventDate "2012.08.09"]
[EventType "swiss"]
[EventRounds "9"]
[EventCountry "ESP"]
[Source "lmi"]
[SourceDate "2012.08.09"]

1. e4 e6 2. d4 d5 3. Nc3 Bb4 4. e5 c5 5. a3 Ba5 6. Bd2 cxd4 7. Nb5 Bc7 8. f4
Ne7 9. Nf3 Nbc6 10. Bd3 h6 11. O-O O-O 12. Qe1 f5 13. Qf2 Bb6 14. Nbxd4 Nxd4
15. Nxd4 Bd7 16. Be3 Rc8 17. Nb3 Bxe3 18. Qxe3 a6 19. Nd4 Nc6 20. Nxc6 Bxc6 21.
Qd4 Bb5 22. Rac1 Qc7 23. Bxb5 axb5 24. c3 Qa5 25. Rcd1 Rc4 26. Qf2 Rfc8 27. Rd3
Re4 28. Qh4 Qb6+ 29. Kh1 Qd8 30. Qxd8+ Rxd8 31. Kg1 Rc8 32. g3 g5 33. g4 Rf8
34. gxf5 Rxf5 35. fxg5 Rxg5+ 36. Rg3 Kg7 37. Rd1 Re2 38. b3 Rxg3+ 39. hxg3 Re3
40. c4 bxc4 41. bxc4 dxc4 42. Rd7+ Kg6 43. Kf2 Rxa3 44. Rxb7 Kf5 45. Rc7 c3 46.
Ke2 h5 47. Rh7 Ke4 48. Kd1 Ra2 49. Kc1 Rh2 50. g4 h4 51. g5 Kf5 52. Rc7 c2 53.
Rf7+ Kxg5 54. Rf6 h3 55. Rxe6 Re2 56. Rf6 Rxe5 57. Rf2 Rc5 58. Rf8 Kh4 59. Rh8+
Rh5 60. Rxh5+ Kxh5 61. Kxc2 h2 0-1

[Event "Obert Figueres Miquel Mas 2012"]
[Site "Figueres ESP"]
[Date "2012.08.14"]
[Round "7.3"]
[White "Martinez, Duany Lelys Stanley"]
[Black "Simacek, Pavel"]
[Result "1-0"]
[WhiteElo "2476"]
[BlackElo "2478"]
[PlyCount "79"]
[EventDate "2012.08.09"]
[EventType "swiss"]
[EventRounds "9"]
[EventCountry "ESP"]
[Source "lmi"]
[SourceDate "2012.08.09"]

1. e4 e5 2. Nf3 Nc6 3. Bb5 a6 4. Ba4 Nf6 5. Bxc6 dxc6 6. d3 Nd7 7. Be3 Be7 8.
Nbd2 O-O 9. Nc4 f6 10. d4 exd4 11. Nxd4 Re8 12. O-O Bc5 13. f3 Ne5 14. Nxe5
Rxe5 15. c3 Bd6 16. Qb3+ Kh8 17. Rad1 Qe7 18. Bf4 Rh5 19. Bxd6 cxd6 20. Qa3 Qc7
21. Ne2 Be6 22. Qxd6 Qxd6 23. Rxd6 Bxa2 24. Rfd1 h6 25. Rd7 Rb5 26. R1d2 c5 27.
Nf4 Kg8 28. Rc7 Rf8 29. Ng6 Rf7 30. Rd8+ Kh7 31. Nf8+ Rxf8 32. Rxf8 a5 33. Rxf6
Rxb2 34. Rd6 a4 35. Rdd7 Kg6 36. Rxg7+ Kf6 37. Rxb7 a3 38. Rgc7 Ke5 39. Rxc5+
Kf4 40. Rxb2 1-0

[Event "Obert Figueres Miquel Mas 2012"]
[Site "Figueres ESP"]
[Date "2012.08.14"]
[Round "7.4"]
[White "Roy Chowdhury, Saptarshi"]
[Black "Rakhmanov, Aleksandr"]
[Result "1/2-1/2"]
[WhiteElo "2391"]
[BlackElo "2588"]
[PlyCount "31"]
[EventDate "2012.08.09"]
[EventType "swiss"]
[EventRounds "9"]
[EventCountry "ESP"]
[Source "lmi"]
[SourceDate "2012.08.09"]

1. d4 d5 2. c4 e6 3. Nc3 a6 4. cxd5 exd5 5. Nf3 c6 6. Bf4 Bd6 7. Bxd6 Qxd6 8.
e3 Ne7 9. Bd3 Bf5 10. Bxf5 Nxf5 11. Qc2 Ne7 12. O-O-O Nd7 13. Kb1 O-O-O 14. Ne1
Kb8 15. Nd3 Nc8 16. Na4 1/2-1/2